Football Teams David Trezeguet Played For - Statistics

General Stats
  • This quiz has been taken 34 times
  • The average score is 4 of 9
Answer Stats
League Years Team % Correct
Italy 2000-2010 Juventus FC
93%
France 1996-2000 AS Monaco
77%
France 1995-1996 AS Monaco B
77%
Argentina 2012-2013 CA River Plate
60%
Spain 2010-2011 Hércules CF
33%
Argentina 2013-2014 CA Newell's Old Boys
27%
Argentina 1994-1995 CA Platense
17%
India 2014-2015 FC Pune City
17%
UAE 2011-2012 FC Baniyas
13%
No matching quizzes found
Score Distribution
Percent of People with Each Score
Percentile by Number Answered
Your Score History
You have not taken this quiz